[Event "77. ljubljanska liga 2025"]
[Site "Gostovanja"]
[Date "2025.02.13"]
[Round "4.1"]
[White "Lah, Emil"]
[Black "Brcar, Ales"]
[Result "1/2-1/2"]
[WhiteElo "1954"]
[BlackElo "2199"]
[PlyCount "42"]
[EventDate "2025.01.16"]
[WhiteTeam "SK TRZIN BUSCOTRADE"]
[BlackTeam "SK TREBNJE BMP"]

1. e4 c6 2. d4 d5 3. exd5 cxd5 4. Bd3 Nc6 5. c3 Nf6 6. h3 e5 7. dxe5 Nxe5 8.
Bb5+ Bd7 9. Bxd7+ Qxd7 10. Nf3 Bd6 11. Nxe5 Bxe5 12. O-O O-O 13. Nd2 Bc7 14.
Nf3 Bb6 15. Nd4 Rfe8 16. Be3 Ne4 17. Qf3 Rad8 18. Rfd1 Bc7 19. Bf4 Bb6 20. Be3
Bc7 21. Bf4 Bb6 1/2-1/2

[Event "77. ljubljanska liga 2025"]
[Site "Gostovanja"]
[Date "2025.02.13"]
[Round "4.1"]
[White "Furlan, Miha"]
[Black "Krupenko, Peter"]
[Result "1-0"]
[WhiteElo "2183"]
[BlackElo "1978"]
[PlyCount "93"]
[EventDate "2025.01.16"]
[WhiteTeam "SK TREBNJE BMP"]
[BlackTeam "SK TRZIN BUSCOTRADE"]

1. e4 e5 2. Nf3 Nf6 3. d4 Nxe4 4. Bd3 d5 5. Nxe5 Bd6 6. Nd2 Nf6 7. O-O O-O 8.
Re1 Nc6 9. c3 Re8 10. f4 Ne7 11. Ndf3 h6 12. Qc2 c6 13. Nh4 Ne4 14. Bxe4 dxe4
15. Qxe4 Nd5 16. Nf5 Bxf5 17. Qxf5 f6 18. Nd3 Rxe1+ 19. Nxe1 Qe7 20. Bd2 Ne3
21. Qd3 Nd5 22. g3 Re8 23. Nf3 Qf7 24. Re1 Rxe1+ 25. Bxe1 b5 26. b3 a6 27. c4
Nc7 28. f5 Qd7 29. Qe4 Kf7 30. g4 Ne8 31. d5 Bc5+ 32. Kg2 cxd5 33. cxd5 Qb7 34.
Qe6+ Kf8 35. Nh4 Qf7 36. Ng6+ Kg8 37. Bg3 Bb4 38. Kf3 Bc5 39. h3 Bb4 40. Ke4 a5
41. a4 bxa4 42. bxa4 Bc5 43. Kd3 Ba3 44. Kc4 Bd6 45. Bxd6 Qxe6 46. fxe6 Nxd6+
47. Kc5 1-0

[Event "77. ljubljanska liga 2025"]
[Site "Gostovanja"]
[Date "2025.02.13"]
[Round "4.1"]
[White "Raspor, Gregor"]
[Black "Ivanusa, Blaz"]
[Result "1/2-1/2"]
[WhiteElo "1962"]
[BlackElo "2058"]
[PlyCount "49"]
[EventDate "2025.01.16"]
[WhiteTeam "SK TRZIN BUSCOTRADE"]
[BlackTeam "SK TREBNJE BMP"]

1. d4 d5 2. c4 e6 3. Nc3 Nf6 4. cxd5 exd5 5. Bg5 Be7 6. e3 c6 7. Bd3 Nbd7 8.
Nge2 h6 9. Bh4 Nh5 10. Bxe7 Qxe7 11. O-O O-O 12. Qc2 Re8 13. Rab1 a5 14. a3
Nhf6 15. Ng3 Nb6 16. Qb3 Qd8 17. Rbc1 Rb8 18. Qc2 Qd6 19. Nce2 Bd7 20. b4 axb4
21. axb4 Ra8 22. Qc5 Nc8 23. Ra1 Rxa1 24. Rxa1 b6 25. Qc3 1/2-1/2

[Event "77. ljubljanska liga 2025"]
[Site "Gostovanja"]
[Date "2025.02.13"]
[Round "4.1"]
[White "Danicic, Anze"]
[Black "Krumpak, Hinko"]
[Result "1-0"]
[WhiteElo "1847"]
[BlackElo "1962"]
[PlyCount "63"]
[EventDate "2025.01.16"]
[WhiteTeam "SK TREBNJE BMP"]
[BlackTeam "SK TRZIN BUSCOTRADE"]

1. e4 g6 2. d4 Bg7 3. Nf3 c5 4. c3 Qb6 5. dxc5 Qxc5 6. Be3 Qc7 7. Bd3 Nc6 8.
O-O Nf6 9. h3 O-O 10. Na3 d6 11. Nd4 a6 12. Rc1 Ne5 13. f4 Nxd3 14. Qxd3 b5 15.
b4 Bb7 16. c4 Bxe4 17. Qe2 bxc4 18. Nxc4 Qb7 19. a3 Rac8 20. Nb3 Nd5 21. Nba5
Qb5 22. Bf2 f5 23. Qd2 Rc7 24. Rfe1 Rfc8 25. Rxe4 fxe4 26. a4 Qxb4 27. Qxd5+
Kh8 28. Kh2 Qxa4 29. Nxd6 e6 30. Qxe6 h6 31. Nxc8 Rxc1 32. Ne7 1-0

[Event "77. ljubljanska liga 2025"]
[Site "Gostovanja"]
[Date "2025.02.13"]
[Round "4.2"]
[White "Zmavc, Mark"]
[Black "Siraj, Svit"]
[Result "0-1"]
[WhiteElo "1987"]
[BlackElo "2144"]
[PlyCount "70"]
[EventDate "2025.01.16"]
[WhiteTeam "SK LJUBLJANA - TAJFUN"]
[BlackTeam "SD VRHNIKA"]

1. d4 d5 2. c4 e6 3. Nc3 Nf6 4. cxd5 exd5 5. Bg5 Nbd7 6. e3 c6 7. Bd3 Be7 8.
Nge2 O-O 9. O-O h6 10. Bh4 a5 11. Qc2 b5 12. f3 Ba6 13. Rac1 Nb6 14. b3 a4 15.
e4 b4 16. Nd1 dxe4 17. fxe4 Bxd3 18. Qxd3 Nxe4 19. Qxe4 Bxh4 20. Rxc6 axb3 21.
axb3 Re8 22. Qc2 Nd5 23. Rc4 Qe7 24. Nc1 Ne3 25. Nxe3 Qxe3+ 26. Kh1 Qe1 27. Qf5
Bf2 28. Qd3 Re3 29. Qd1 Ra1 30. g3 Qxd1 31. Rxd1 Rc3 32. d5 Be3 33. d6 Raxc1
34. Rxc1 Rxc1+ 35. Kg2 Rxc4 0-1

[Event "77. ljubljanska liga 2025"]
[Site "Gostovanja"]
[Date "2025.02.13"]
[Round "4.2"]
[White "Siraj, Anej"]
[Black "Jaksa, Ema"]
[Result "1/2-1/2"]
[WhiteElo "2049"]
[BlackElo "1727"]
[PlyCount "84"]
[EventDate "2025.01.16"]
[WhiteTeam "SD VRHNIKA"]
[BlackTeam "SK LJUBLJANA - TAJFUN"]

1. d4 d5 2. Bf4 Nf6 3. e3 c5 4. c3 Nc6 5. Nd2 e6 6. Ngf3 Be7 7. Bd3 O-O 8. Ne5
cxd4 9. exd4 Nxe5 10. dxe5 Nd7 11. h4 f5 12. Qe2 Nc5 13. Bc2 d4 14. Rh3 b6 15.
Rd1 Qd5 16. Bg5 Qxg2 17. Rg3 Qh1+ 18. Nf1 Bxg5 19. hxg5 f4 20. Qf3 Qxf3 21.
Rxf3 dxc3 22. Rxc3 Bb7 23. b4 Ne4 24. Rc7 Bd5 25. Bxe4 Bxe4 26. Rdd7 Rac8 27.
Rxg7+ Kh8 28. Nd2 Bf5 29. Rxa7 Rfd8 30. Rgc7 Rxc7 31. Rxc7 Rd5 32. Rc4 Rxe5+
33. Kd1 Bd3 34. Rxf4 Rxg5 35. Nf3 Rd5 36. Ke1 e5 37. Rg4 e4 38. Ng5 h5 39. Rg3
Rd4 40. a3 Rc4 41. Nf7+ Kh7 42. Ng5+ Kh8 1/2-1/2

[Event "77. ljubljanska liga 2025"]
[Site "Gostovanja"]
[Date "2025.02.13"]
[Round "4.2"]
[White "Samotorcan, Gal"]
[Black "Zlindra, Aljaz"]
[Result "0-1"]
[WhiteElo "1717"]
[BlackElo "1904"]
[PlyCount "72"]
[EventDate "2025.01.16"]
[WhiteTeam "SK LJUBLJANA - TAJFUN"]
[BlackTeam "SD VRHNIKA"]

1. e4 c6 2. d4 d5 3. e5 Bf5 4. h4 h5 5. Bd3 Bxd3 6. Qxd3 e6 7. Nf3 Qa5+ 8. Nbd2
Qa6 9. c4 Nh6 10. O-O Nf5 11. Qc3 dxc4 12. Nxc4 Be7 13. g3 O-O 14. Bg5 Bxg5 15.
Nxg5 Nd7 16. Ne4 Nb6 17. Ncd6 Nxd6 18. Nxd6 Rad8 19. Rac1 Nc8 20. Ne4 Qxa2 21.
Nc5 b6 22. Nb3 Qa4 23. Qf3 Ne7 24. Ra1 Qb4 25. Rxa7 Nf5 26. Rc1 Nxd4 27. Nxd4
Qxd4 28. Qxh5 Qxb2 29. Rxc6 Qb1+ 30. Kg2 Rd1 31. Qf3 Rh1 32. Qe3 Qf1+ 33. Kf3
Rxh4 34. Qxb6 Qd3+ 35. Qe3 Qd5+ 36. Ke2 Re4 0-1

[Event "77. ljubljanska liga 2025"]
[Site "Gostovanja"]
[Date "2025.02.13"]
[Round "4.2"]
[White "Omahen, Gasper"]
[Black "Tomazin Kosorok, Tadej"]
[Result "1-0"]
[WhiteElo "1930"]
[BlackElo "1642"]
[PlyCount "120"]
[EventDate "2025.01.16"]
[WhiteTeam "SD VRHNIKA"]
[BlackTeam "SK LJUBLJANA - TAJFUN"]

1. e4 e5 2. Nf3 Nc6 3. Nc3 Nf6 4. g3 Bc5 5. Bg2 d6 6. d3 O-O 7. Na4 Bb6 8. O-O
h6 9. b3 Nh7 10. Nh4 f5 11. Nxf5 Bxf5 12. exf5 Rxf5 13. Qg4 Rf6 14. Nxb6 axb6
15. Bb2 Qc8 16. Qc4+ Kh8 17. Bxc6 bxc6 18. Qxc6 Ng5 19. f4 Nf7 20. fxe5 Rxf1+
21. Rxf1 Nxe5 22. Bxe5 dxe5 23. a4 Ra7 24. Rf7 Qd8 25. Rd7 Qg5 26. Kg2 Qd2+ 27.
Kh3 Qg5 28. Qf3 Rb7 29. Kg2 Qd2+ 30. Qf2 Qg5 31. h4 Qg4 32. Rd8+ Kh7 33. Qf3
Qxf3+ 34. Kxf3 Kg6 35. Re8 Kf6 36. Ke4 c5 37. Rxe5 Rd7 38. c3 g6 39. a5 bxa5
40. Rxc5 Rb7 41. Rxa5 Rxb3 42. c4 Rb1 43. Kd5 Ke7 44. Ra6 Rf1 45. Rxg6 Rf3 46.
d4 Rf5+ 47. Kc6 Ra5 48. Kb6 Ra4 49. Kb5 Ra1 50. Rxh6 Rb1+ 51. Kc6 Ra1 52. Rh7+
Kd8 53. h5 Ra6+ 54. Kd5 Rb6 55. h6 Rg6 56. Rh8+ Kd7 57. h7 Rd6+ 58. Ke4 Rxd4+
59. Kxd4 Kc6 60. Rc8+ Kd7 1-0

[Event "77. ljubljanska liga 2025"]
[Site "Gostovanja"]
[Date "2025.02.13"]
[Round "4.3"]
[White "Bohorc, Edo"]
[Black "Novakovic, Julian"]
[Result "0-1"]
[WhiteElo "2009"]
[BlackElo "1939"]
[PlyCount "64"]
[EventDate "2025.01.16"]
[WhiteTeam "SD CRNI GRABEN"]
[BlackTeam "ZELENCI LPP"]

1. e4 d6 2. Nf3 Nf6 3. Nc3 g6 4. Bc4 Bg7 5. h3 O-O 6. O-O Nxe4 7. Nxe4 d5 8.
Bxd5 Qxd5 9. Nc3 Qh5 10. Nh2 Qxd1 11. Rxd1 c6 12. d3 h6 13. Re1 Re8 14. Ne4 Kf8
15. c3 f5 16. Nc5 e5 17. f4 b6 18. Nb3 Ba6 19. d4 e4 20. Be3 Nd7 21. a4 Nf6 22.
Kf2 Nd5 23. Nf1 Kf7 24. h4 Bf6 25. g3 Rg8 26. Nbd2 g5 27. hxg5 hxg5 28. fxg5
Nxe3 29. Nxe3 Bxg5 30. Ndc4 f4 31. Ne5+ Ke6 32. gxf4 Bh4# 0-1

[Event "77. ljubljanska liga 2025"]
[Site "Gostovanja"]
[Date "2025.02.13"]
[Round "4.3"]
[White "Novakovic, Gosto"]
[Black "Osolin, Bogdan"]
[Result "1/2-1/2"]
[WhiteElo "1819"]
[BlackElo "1918"]
[PlyCount "32"]
[EventDate "2025.01.16"]
[WhiteTeam "ZELENCI LPP"]
[BlackTeam "SD CRNI GRABEN"]

1. e4 Nc6 2. d4 d5 3. e5 Bf5 4. Nf3 e6 5. a3 Nge7 6. Bd3 Bg4 7. Be3 f6 8. exf6
gxf6 9. h3 Bh5 10. g4 Bf7 11. Nc3 e5 12. Bb5 Qd6 13. Ba4 a6 14. Qe2 Bg7 15.
O-O-O Bg6 16. Bb3 e4 1/2-1/2

[Event "77. ljubljanska liga 2025"]
[Site "Gostovanja"]
[Date "2025.02.13"]
[Round "4.3"]
[White "Hribar, Janez"]
[Black "Levacic, Matic"]
[Result "1/2-1/2"]
[WhiteElo "1875"]
[BlackElo "1666"]
[PlyCount "41"]
[EventDate "2025.01.16"]
[WhiteTeam "SD CRNI GRABEN"]
[BlackTeam "ZELENCI LPP"]

1. Nf3 Nc6 2. d4 e6 3. g3 d5 4. Bg2 Nf6 5. O-O Bd6 6. c4 Ne4 7. Nc3 Nxc3 8.
bxc3 dxc4 9. Qa4 Bd7 10. Qxc4 O-O 11. e4 a6 12. a4 b5 13. axb5 axb5 14. Rxa8
bxc4 15. Rxd8 Rxd8 16. e5 Be7 17. Be3 Ra8 18. Nd2 Ra3 19. Rc1 Na5 20. Bf1 Bb5
21. Ne4 1/2-1/2

[Event "77. ljubljanska liga 2025"]
[Site "Gostovanja"]
[Date "2025.02.13"]
[Round "4.4"]
[White "Ivanec, Dezider"]
[Black "Kampus, Andrej"]
[Result "1/2-1/2"]
[WhiteElo "2056"]
[BlackElo "2063"]
[PlyCount "89"]
[EventDate "2025.01.16"]
[WhiteTeam "DRUSTVO KPSRD KAREL JERAJ"]
[BlackTeam "SK DOL PRI LJUBLJANI"]

1. c4 e5 2. Nc3 Nc6 3. Nf3 f5 4. d3 Nf6 5. g3 d6 6. Bg2 g6 7. Bg5 Bg7 8. Nd5 h6
9. Bxf6 Bxf6 10. b4 Be6 11. Nxf6+ Qxf6 12. b5 Nd8 13. O-O O-O 14. Nd2 c6 15. a4
d5 16. cxd5 cxd5 17. Nb3 b6 18. d4 e4 19. Qd2 Nf7 20. Rfc1 Rfc8 21. f3 g5 22.
Qb4 Rc4 23. Qa3 Rac8 24. e3 Qd8 25. Nd2 Rxc1+ 26. Rxc1 Rxc1+ 27. Qxc1 Qc8 28.
Qxc8+ Bxc8 29. f4 g4 30. Bf1 Kf8 31. Nb1 Ke7 32. Kf2 Kd6 33. Ke1 Bb7 34. Kd2
Nh8 35. Kc3 Ng6 36. Kb4 Ne7 37. Nc3 Nc8 38. Be2 Ne7 39. a5 Ng8 40. Na4 Kc7 41.
Bd1 Nf6 42. Bb3 Bc8 43. a6 Bd7 44. Ba2 Bc8 45. Bb3 1/2-1/2

[Event "77. ljubljanska liga 2025"]
[Site "Gostovanja"]
[Date "2025.02.13"]
[Round "4.4"]
[White "Azinovic, Igor"]
[Black "Butala, Marjan"]
[Result "1/2-1/2"]
[WhiteElo "1810"]
[BlackElo "1916"]
[PlyCount "90"]
[EventDate "2025.01.16"]
[WhiteTeam "SK DOL PRI LJUBLJANI"]
[BlackTeam "DRUSTVO KPSRD KAREL JERAJ"]

1. e4 e5 2. Bc4 Nc6 3. Nf3 Nf6 4. d3 Be7 5. O-O d6 6. a4 O-O 7. Nc3 Bg4 8. h3
Bxf3 9. Qxf3 Nd4 10. Qd1 c6 11. Be3 d5 12. exd5 cxd5 13. Ba2 Nxc2 14. Qxc2 d4
15. Bd2 Rc8 16. Qb3 dxc3 17. Bxc3 Qc7 18. Rfe1 Bd6 19. Rac1 Qb6 20. Qxb6 axb6
21. d4 Rfe8 22. Rcd1 e4 23. Re2 Kf8 24. d5 Nd7 25. Bb1 Rc4 26. Bc2 Nc5 27. Rd4
Rxd4 28. Bxd4 f5 29. f3 g6 30. Kf2 exf3 31. Rxe8+ Kxe8 32. Kxf3 Ke7 33. Bc3 Nd7
34. Ke3 Nf6 35. Kd4 Nh5 36. g4 fxg4 37. hxg4 Nf4 38. Ke4 Ne2 39. Be5 Ng3+ 40.
Bxg3 Bxg3 41. Bd3 Kd6 42. Bb5 Be5 43. b3 Bb2 44. Be8 Ke7 45. Bb5 Kd6 1/2-1/2

[Event "77. ljubljanska liga 2025"]
[Site "Gostovanja"]
[Date "2025.02.13"]
[Round "4.4"]
[White "Mlacnik, Janez"]
[Black "Magerl, Zan"]
[Result "1-0"]
[WhiteElo "1885"]
[BlackElo "1678"]
[PlyCount "51"]
[EventDate "2025.01.16"]
[WhiteTeam "DRUSTVO KPSRD KAREL JERAJ"]
[BlackTeam "SK DOL PRI LJUBLJANI"]

1. e4 e5 2. Bc4 Bc5 3. Nc3 Nf6 4. d3 h6 5. f4 d6 6. f5 Nc6 7. a3 a6 8. g4 Ne7
9. Qf3 Neg8 10. h4 Bd7 11. g5 hxg5 12. hxg5 Rxh1 13. Qxh1 Ng4 14. Qh8 Kf8 15.
f6 gxf6 16. g6 Be6 17. Bxe6 fxe6 18. Qh3 f5 19. Nf3 Be3 20. exf5 exf5 21. Bxe3
Nxe3 22. Ke2 Ng4 23. Qh5 Qd7 24. Nh4 N8h6 25. Rf1 Kg7 26. Nxf5+ 1-0

[Event "77. ljubljanska liga 2025"]
[Site "Gostovanja"]
[Date "2025.02.13"]
[Round "4.4"]
[White "Kampus, Iva"]
[Black "Vertacnik, Viktor"]
[Result "1-0"]
[WhiteElo "1597"]
[BlackElo "1723"]
[PlyCount "77"]
[EventDate "2025.01.16"]
[WhiteTeam "SK DOL PRI LJUBLJANI"]
[BlackTeam "DRUSTVO KPSRD KAREL JERAJ"]

1. d4 d5 2. Nf3 Nf6 3. e3 Bf5 4. c4 e6 5. Nc3 Be7 6. Qb3 b6 7. Ne5 O-O 8. Be2
dxc4 9. Qxc4 a6 10. Bf3 Ra7 11. e4 Bg6 12. h4 h6 13. Nxg6 fxg6 14. Qxe6+ Kh8
15. e5 Bb4 16. Be3 Bxc3+ 17. bxc3 Re8 18. Qf7 Nh7 19. Bg5 Qd7 20. Qxd7 Nxd7 21.
Bc6 hxg5 22. Bxd7 Re7 23. h5 gxh5 24. Bf5 h4 25. g3 Kg8 26. gxh4 c5 27. Bxh7+
Kxh7 28. hxg5+ Kg6 29. Ke2 Kxg5 30. Ke3 Kf5 31. Rh5+ Ke6 32. Ke4 Rf7 33. f4 Rf8
34. d5+ Kd7 35. Rg1 Ke8 36. e6 Rf6 37. Ke5 Rh6 38. Rxh6 gxh6 39. Rg8+ 1-0

[Event "77. ljubljanska liga 2025"]
[Site "Gostovanja"]
[Date "2025.02.13"]
[Round "4.5"]
[White "Veskovic, Dzemal"]
[Black "Plaskan, Jure"]
[Result "0-1"]
[WhiteElo "1876"]
[BlackElo "2217"]
[PlyCount "88"]
[EventDate "2025.01.16"]
[WhiteTeam "SD MENGES - TRZIN"]
[BlackTeam "SD DOMZALE"]

1. e4 c5 2. Nc3 a6 3. Nf3 e6 4. d4 cxd4 5. Nxd4 b5 6. a3 Bb7 7. Be2 Qc7 8. O-O
Nf6 9. Bf3 d6 10. Bg5 Nbd7 11. g3 h6 12. Be3 Ne5 13. Bg2 Nc4 14. Bc1 Be7 15.
Qe2 O-O 16. Rb1 Nxa3 17. bxa3 Qxc3 18. Bb2 Qc7 19. Nb3 Rac8 20. Rbc1 Qc4 21.
Rfe1 Qxe2 22. Rxe2 Nd7 23. f4 Nb6 24. Na5 Ba8 25. Bd4 Nc4 26. Nxc4 Rxc4 27. Bb2
Rfc8 28. c3 Bd8 29. Rd1 Bb6+ 30. Kf1 Bc5 31. e5 Bxg2+ 32. Kxg2 dxe5 33. Rxe5
Ra4 34. f5 exf5 35. Rxf5 Bxa3 36. Bxa3 Rxa3 37. c4 bxc4 38. Rd7 f6 39. Rf4 Ra5
40. Ra7 c3 41. Rf1 c2 42. Rc1 Rb5 43. Rxa6 Rb1 44. Ra1 Rxa1 0-1

[Event "77. ljubljanska liga 2025"]
[Site "Gostovanja"]
[Date "2025.02.13"]
[Round "4.5"]
[White "Osolin, Bojan"]
[Black "Simicak, Metod"]
[Result "1/2-1/2"]
[WhiteElo "2081"]
[BlackElo "1859"]
[PlyCount "66"]
[EventDate "2025.01.16"]
[WhiteTeam "SD DOMZALE"]
[BlackTeam "SD MENGES - TRZIN"]

1. e4 e5 2. Nf3 Nf6 3. Nc3 Bb4 4. Bc4 Bxc3 5. dxc3 O-O 6. Qe2 d6 7. h3 h6 8. g4
Be6 9. Bxe6 fxe6 10. g5 hxg5 11. Bxg5 Qe8 12. Rg1 Nbd7 13. O-O-O Qh5 14. Rg3
Kf7 15. Bxf6 Nxf6 16. Qc4 Kg8 17. Rdg1 Ne8 18. Qxe6+ Qf7 19. Qxf7+ Rxf7 20. Nh4
Nf6 21. f3 Kh7 22. Rg5 Rg8 23. Kd2 Kh6 24. Rg6+ Kh7 25. R1g5 Rgf8 26. Ke3 Ne8
27. Nf5 Rf6 28. Rxf6 Rxf6 29. c4 g6 30. Ng3 Ng7 31. Ne2 Ne6 32. Rg4 g5 33. c3
Rh6 1/2-1/2

[Event "77. ljubljanska liga 2025"]
[Site "Gostovanja"]
[Date "2025.02.13"]
[Round "4.5"]
[White "Saradjen, Darja"]
[Black "Skok, Joze"]
[Result "0-1"]
[WhiteElo "1750"]
[BlackElo "1947"]
[PlyCount "92"]
[EventDate "2025.01.16"]
[WhiteTeam "SD MENGES - TRZIN"]
[BlackTeam "SD DOMZALE"]

1. e4 e6 2. d4 d5 3. e5 c5 4. c3 Nc6 5. Nf3 Qb6 6. Qb3 Bd7 7. Be3 cxd4 8. Qxb6
axb6 9. Bxd4 Bc5 10. a3 Nge7 11. Bd3 O-O 12. Nbd2 f6 13. O-O Rac8 14. Rac1 Na5
15. exf6 gxf6 16. b4 Bxd4 17. cxd4 Nac6 18. Rfe1 Ng6 19. g3 Rfe8 20. Nb3 Na7
21. h4 Kg7 22. Nfd2 e5 23. h5 Nf8 24. Rxc8 Nxc8 25. dxe5 fxe5 26. f3 Nd6 27.
Kf2 Kf6 28. Be2 Ba4 29. Bd1 Nb5 30. Nd4 Nxd4 31. Bxa4 Ra8 32. Bd1 Rxa3 33. g4
Ra2 34. Ke3 Nfe6 35. Rg1 h6 36. Rg3 Nf4 37. b5 Nxb5 38. g5+ hxg5 39. h6 Ra8 40.
h7 Rh8 41. Ba4 Nd4 42. Rg1 Rxh7 43. Rb1 b5 44. Bxb5 Nxb5 45. Rxb5 Rh2 46. Rxb7
Re2# 0-1

[Event "77. ljubljanska liga 2025"]
[Site "Gostovanja"]
[Date "2025.02.13"]
[Round "4.6"]
[White "Sajovic, Marko"]
[Black "Gantar, Jan"]
[Result "1-0"]
[WhiteElo "2054"]
[BlackElo "2193"]
[PlyCount "131"]
[EventDate "2025.01.16"]
[WhiteTeam "SK MEDVODE"]
[BlackTeam "SK KOMENDA POPOTNIK"]

1. e4 Nf6 2. e5 Nd5 3. d4 d6 4. Nf3 dxe5 5. Nxe5 g6 6. c4 Nf6 7. Nc3 Bg7 8. Be2
O-O 9. O-O Nbd7 10. Bf4 Nxe5 11. Bxe5 Nd7 12. Bxg7 Kxg7 13. Qb3 c5 14. Rad1 Qb6
15. Qxb6 axb6 16. a3 e5 17. d5 f5 18. Nb5 Nf6 19. Nc7 Rb8 20. Rd3 Rf7 21. d6
Ne4 22. Nd5 b5 23. Nb6 bxc4 24. d7 Bxd7 25. Rxd7 Rxd7 26. Nxd7 Rd8 27. Nxe5 c3
28. bxc3 Nxc3 29. Bf3 b5 30. Rc1 Ne4 31. Bxe4 fxe4 32. Kf1 c4 33. Ke2 Kf6 34.
Nc6 Rd5 35. Rc3 Ke6 36. Ke3 Kd6 37. Nb4 Rg5 38. g3 Rf5 39. Kxe4 Rxf2 40. h4 Rg2
41. Rf3 Rg1 42. Kf4 Rb1 43. Ke4 Kc5 44. h5 Re1+ 45. Re3 Rf1 46. hxg6 hxg6 47.
Nc2 Rf8 48. Rf3 Re8+ 49. Kf4 Re2 50. Rc3 Rd2 51. Kg5 Rd6 52. Rf3 Rd7 53. Nb4
Rd6 54. Rf6 Rxf6 55. Kxf6 c3 56. Ke5 Kc4 57. g4 Kb3 58. Kd4 g5 59. Kd3 Kb2 60.
Nc2 Kb3 61. Nd4+ Kb2 62. Ne2 c2 63. Kd2 Kxa3 64. Kxc2 Kb4 65. Nc3 Kc4 66. Ne4
1-0

[Event "77. ljubljanska liga 2025"]
[Site "Gostovanja"]
[Date "2025.02.13"]
[Round "4.6"]
[White "Zidar, Jernej"]
[Black "Krupenko, Katja"]
[Result "1-0"]
[WhiteElo "2091"]
[BlackElo "1711"]
[PlyCount "65"]
[EventDate "2025.01.16"]
[WhiteTeam "SK KOMENDA POPOTNIK"]
[BlackTeam "SK MEDVODE"]

1. d4 d5 2. c4 c6 3. Nf3 Nf6 4. g3 e6 5. Bg2 Bd6 6. O-O O-O 7. Qc2 Nbd7 8. Nc3
Re8 9. Rd1 Qe7 10. e4 dxe4 11. Nxe4 Nxe4 12. Qxe4 Nf6 13. Qc2 h6 14. Ne5 c5 15.
Qe2 Qc7 16. Bf4 g5 17. Ng4 Nxg4 18. Bxd6 Qxd6 19. dxc5 Qxc5 20. Qxg4 Rb8 21. h4
Qf5 22. Qd4 b6 23. Be4 Qh3 24. hxg5 e5 25. Qd2 hxg5 26. Qxg5+ Kh8 27. Rd8 Qe6
28. Rxe8+ Qxe8 29. Qh6+ Kg8 30. Bh7+ Kh8 31. Re1 Bb7 32. Bf5+ Kg8 33. Qh7+ 1-0

[Event "77. ljubljanska liga 2025"]
[Site "Gostovanja"]
[Date "2025.02.13"]
[Round "4.6"]
[White "Arcon, Roman"]
[Black "Juhant, Igor"]
[Result "0-1"]
[WhiteElo "1706"]
[BlackElo "1970"]
[PlyCount "82"]
[EventDate "2025.01.16"]
[WhiteTeam "SK MEDVODE"]
[BlackTeam "SK KOMENDA POPOTNIK"]

1. e4 c6 2. d4 d5 3. e5 Bf5 4. f4 e6 5. Nf3 h6 6. Bd3 Nd7 7. Be3 Ne7 8. Nc3
Bxd3 9. Qxd3 Nf5 10. a3 Nxe3 11. Qxe3 c5 12. f5 Qb6 13. O-O-O O-O-O 14. Rd3 Be7
15. h4 cxd4 16. Nxd4 Nc5 17. Rdd1 Kb8 18. g4 Rhe8 19. b4 Nd7 20. Rd3 Rc8 21. g5
hxg5 22. hxg5 Ka8 23. f6 gxf6 24. gxf6 Nxf6 25. exf6 Bxf6 26. Ndb5 Qxe3+ 27.
Rxe3 Bg5 28. Kd2 Bxe3+ 29. Kxe3 a6 30. Nd6 Rxc3+ 31. Kd4 Rec8 32. Nxc8 Rxc8 33.
Rh2 Ka7 34. Rf2 Rc7 35. Ke5 Kb6 36. a4 a5 37. bxa5+ Kxa5 38. Kd6 Rc6+ 39. Kd7
f5 40. Rf4 Rc4 41. Rf2 Re4 0-1

[Event "77. ljubljanska liga 2025"]
[Site "Gostovanja"]
[Date "2025.02.13"]
[Round "4.7"]
[White "Trivuncevic, Bosko"]
[Black "Trebeznik, Luka"]
[Result "0-1"]
[WhiteElo "1908"]
[BlackElo "1983"]
[PlyCount "64"]
[EventDate "2025.01.16"]
[WhiteTeam "SK LOSKA DOLINA"]
[BlackTeam "SK RUDAR TRBOVLJE"]

1. e4 d6 2. f4 Nf6 3. Nc3 c6 4. Nf3 Bg4 5. Be2 Qa5 6. O-O e5 7. fxe5 dxe5 8. d4
Nbd7 9. dxe5 Nxe5 10. Nxe5 Bxe2 11. Qxe2 Qxe5 12. Rf5 Qe6 13. Bf4 Nd7 14. Bc7
g6 15. Rf3 Bg7 16. Raf1 O-O 17. Kh1 Ne5 18. Bxe5 Bxe5 19. a3 Rad8 20. Rd3 Rxd3
21. Qxd3 h5 22. Nd1 Qe7 23. c3 Rd8 24. Qh3 Rd2 25. b4 Qg5 26. g3 Qd8 27. Nf2 a5
28. g4 Qd7 29. Qf3 h4 30. Kg1 Bc7 31. Rd1 Bb6 32. bxa5 Bxf2+ 0-1

[Event "77. ljubljanska liga 2025"]
[Site "Gostovanja"]
[Date "2025.02.13"]
[Round "4.7"]
[White "Kosir, Jaka"]
[Black "Kutin, Boris"]
[Result "0-1"]
[WhiteElo "1607"]
[BlackElo "1752"]
[PlyCount "66"]
[EventDate "2025.01.16"]
[WhiteTeam "SK RUDAR TRBOVLJE"]
[BlackTeam "SK LOSKA DOLINA"]

1. d4 d5 2. Nf3 Nf6 3. g3 Bg4 4. Bg2 e6 5. O-O Bd6 6. Nbd2 Nbd7 7. c4 c6 8. b3
Rc8 9. Bb2 h5 10. h3 Bf5 11. Re1 Bb8 12. Ng5 h4 13. e4 dxe4 14. Ndxe4 Nxe4 15.
Nxe4 hxg3 16. Nxg3 Bxh3 17. Bxh3 Rxh3 18. Qg4 Qh4 19. Qxh4 Rxh4 20. Kg2 Kf8 21.
Rh1 Rxh1 22. Rxh1 Kg8 23. Nh5 e5 24. Re1 g6 25. Ng3 f6 26. dxe5 Bxe5 27. Bxe5
Nxe5 28. Ne4 Kg7 29. Rd1 Rc7 30. Rd6 Rf7 31. f4 Ng4 32. Kf3 f5 33. Ng5 Re7 {
nejasno (88)} 0-1